| 000 | 03059cam a2200385 i 4500 | ||
|---|---|---|---|
| 999 |
_c79712 _d316989 |
||
| 001 | 18078296 | ||
| 003 | OSt | ||
| 005 | 20220314120118.0 | ||
| 008 | 140324t20152015enka b 001 0 eng | ||
| 010 | _a 2014007273 | ||
| 020 | _a9781138790964 (hbk) | ||
| 020 | _a9781138790971 (pbk) | ||
| 020 | _z9781315763323 (ebk) | ||
| 040 |
_aDLC _beng _cDLC _erda _dDLC |
||
| 042 | _apcc | ||
| 050 | 0 | 0 |
_aP40 _b.F35 2015 |
| 082 | 0 | 0 |
_a306.44 _223 _bFNL |
| 084 |
_aLAN000000 _2bisacsh |
||
| 100 | 1 |
_aFairclough, Norman, _d1941- _eauthor. _989422 |
|
| 245 | 1 | 0 |
_aLanguage and power / _cNorman Fairclough. |
| 250 | _aThird edition. | ||
| 264 | 1 |
_aLondon ; _aNew York : _bRoutledge, Taylor & Francis Group, _c2015. |
|
| 264 | 4 | _c©2015 | |
| 300 |
_aviii, 264 pages : _billustrations ; _c24 cm |
||
| 500 | _a"Previously published as part of the Language in Social Life series, by Christopher N. Candlin."--Title page. | ||
| 504 | _aIncludes bibliographical references (pages 255-262) and index. | ||
| 520 | _a"Language and Power is widely recognised both as a classic and an essential introductory textbook to the field of Critical Discourse Analysis. It focusses on how language functions in maintaining and changing power relations in modern society, the ways of analysing language which can reveal these processes and how people can become more conscious of them, as well as, more able to resist and change them.In this twenty-fifth anniversary edition, Norman Fairclough includes a substantial new introduction and brings the discussion up-to-date. He shows both the importance of the book in the development of critical discourse analysis over the past three decades and how language and power relations have changed due to major socio-economic changes. It remains vital reading for all students of discourse analysis, critical discourse analysis and other related courses. "-- | ||
| 520 | _a"Language and Power is widely recognised both as a classic and an essential introductory textbook to the field of Critical Discourse Analysis. It focusses on how language functions in maintaining and changing power relations in modern society, the ways of analysing language which can reveal these processes and how people can become more conscious of them, and more able to resist and change them. In this twenty-fifth anniversary edition, Norman Fairclough brings the discussion up-to-date and shows both the importance of the book in the development of critical discourse analysis over the past three decades and how language and power relations have changed due to major socio-economic changes. It remains vital reading for all students of discourse analysis, critical discourse analysis and related courses"-- | ||
| 650 | 0 |
_aSociolinguistics. _989423 |
|
| 650 | 0 |
_aDiscourse analysis _xSocial aspects. _989424 |
|
| 650 | 7 |
_aLANGUAGE ARTS & DISCIPLINES / General. _2bisacsh _94113 |
|
| 906 |
_a7 _bcbc _corignew _d1 _eecip _f20 _gy-gencatlg |
||
| 942 |
_2ddc _cBOOK |
||